000 00272nam a2200097Ia 4500
001 644447
005 20250826153605.0
008 250824s9999 xx 000 0 und d
245 0 _aAteş Hakkında Hemen Hemen Her Şey
_cBob Harvey, Felicia Law
260 _bTÜBİTAK YAYINLARI
999 _c644447
_d644447